| 000 | 01102nam a2200229Ia 4500 | ||
|---|---|---|---|
| 001 | L808-33480 | ||
| 003 | IT-CnALBA | ||
| 008 | 170116s9999||||xx |||||||||||||| ||und|| | ||
| 040 |
_aIT-CnALBA _cIT-CnALBA |
||
| 041 | _aITALIANO | ||
| 100 | _aSEMPIO ROSSI ERMINIA, CAV. | ||
| 245 | 0 | _aTEMPESTA NEL DUBBIO. ROMANZI FAMIGLIA. (DOPPIONE) | |
| 250 | _a3a ed. | ||
| 260 |
_aCINISELLO BALSAMO (MI) _bEDIZIONI PAOLINE _c1965 [1° Ed.: n.d.] |
||
| 300 | _a320 p. | ||
| 500 | _aGRAZIETTA BIMBA ORFANA CON DONNA DI FEDE AMICA DELLA MAMMA MORTA. DICHIARAZIONE DI GUERRA DI HITLER. GUERRA LAMPO. VITA DI UNA FAMIGLIA. TANTE VICENDE, DRAMMATICHE E GIOIOSE. CON SOLITO FINALE. | ||
| 501 | _aSocietà San Paolo EM - Piazza San Paolo, 14 - 12051 ALBA (CN) (non commercial uses only) ® Copyright 2017 | ||
| 520 | _aGRAZIETTA BIMBA ORFANA CON DONNA DI FEDE AMICA DELLA MAMMA MORTA. DICHIARAZIONE DI GUERRA DI HITLER. GUERRA LAMPO. VITA DI UNA FAMIGLIA. TANTE VICENDE, DRAMMATICHE E GIOIOSE. CON SOLITO FINALE. | ||
| 650 | _aNARRATIVA DI VARIE LETTERATURE - ROMANZI | ||
| 942 | _cBK | ||
| 957 | _71 | ||
| 999 |
_a38248 _bNO _g Copie: 1 _c292312 _d292312 |
||